Tracks on Albums #19: Rumours - Statistics

General Stats
  • This quiz has been taken 37 times
  • The average score is 8 of 11
Answer Stats
Track No. Answer % Correct
7 The Chain
91%
5 Go Your Own Way
85%
2 Dreams
82%
4 Don't Stop
79%
11 Gold Dust Woman
76%
1 Second Hand News
65%
6 Songbird
65%
10 Oh Daddy
62%
8 You Make Loving Fun
62%
3 Never Going Back Again
56%
9 I Don't Want to Know
44%
No matching quizzes found
Score Distribution
Percent of People with Each Score
Percentile by Number Answered
Your Score History
You have not taken this quiz